Obelisco, que en la ciudad de la Puebla de los Angeles, celebrando la jura de nuestro rey, y Sr. D. Carlos III erigiò el nobilissimo, y leal gremio de sus plateros, quienes en esta estampa lo dedican, y consagran a su Magestad, por mano de su nobilissima ciudad. (Record no. 2096)
[ view plain ]
| 000 -CABECERA | |
|---|---|
| campo de control de longitud fija | 01121nam a2200241 a 4500 |
| 001 - NÚMERO DE CONTROL | |
| campo de control | BRCA_2355 |
| 005 - FECHA Y HORA DE LA ÚLTIMA TRANSACCIÓN | |
| campo de control | 20190320203754.0 |
| 008 - DATOS DE LONGITUD FIJA--INFORMACIÓN GENERAL | |
| campo de control de longitud fija | 231008r17631981mx-ah#####---#000-0#spa-# |
| 041 ## - CÓDIGO DE LENGUA | |
| Código de lengua del texto/banda sonora o título independiente | spalat |
| 044 ## - CÓDIGO DEL PAÍS DE LA ENTIDAD EDITORA/PRODUCTORA | |
| Código MARC del país | mx |
| 050 #4 - SIGNATURA TOPOGRÁFICA DE LA BIBLIOTECA DEL CONGRESO | |
| Número de clasificación | F1231 |
| Número de documento/Ítem | .O24 1981 |
| 245 10 - MENCIÓN DE TÍTULO | |
| Título | Obelisco, que en la ciudad de la Puebla de los Angeles, celebrando la jura de nuestro rey, y Sr. D. Carlos III erigiò el nobilissimo, y leal gremio de sus plateros, quienes en esta estampa lo dedican, y consagran a su Magestad, por mano de su nobilissima ciudad. |
| 260 ## - PUBLICACIÓN, DISTRIBUCIÓN, ETC. | |
| Lugar de publicación, distribución, etc. | México |
| Nombre del editor, distribuidor, etc. | Dirección de Monumentos Históricos : INAH : SEP |
| Fecha de publicación, distribución, etc. | 1981 |
| 300 ## - DESCRIPCIÓN FÍSICA | |
| Extensión | 1 v. (sin paginación) |
| Otras características físicas | il. |
| Dimensiones | 24 cm. |
| 500 ## - NOTA GENERAL | |
| Nota general | Facsímil de: Impreso en el Real Colegio de San Ignacio de dicha ciudad, 1763 |
| 546 ## - NOTA DE LENGUA/LENGUAJE | |
| Nota de lengua/lenguaje | Texto en español y latín |
| 600 14 - PUNTO DE ACCESO ADICIONAL DE MATERIA--NOMBRE DE PERSONA | |
| Nombre de persona | Carlos |
| Numeración | III |
| Títulos y otros términos asociados al nombre | Rey de España |
| Fechas asociadas al nombre | 1716-1788 |
| Subdivisión general | Monumentos, etc. |
| 9 (RLIN) | 7059 |
| 650 14 - PUNTO DE ACCESO ADICIONAL DE MATERIA--TÉRMINO DE MATERIA | |
| Término de materia o nombre geográfico como elemento de entrada | Clase obrera |
| Subdivisión geográfica | México |
| 9 (RLIN) | 7060 |
| 651 #4 - PUNTO DE ACCESO ADICIONAL DE MATERIA--NOMBRE GEOGRÁFICO | |
| Nombre geográfico | Puebla (México) |
| Subdivisión general | Monumentos |
| 9 (RLIN) | 7061 |
| 651 #4 - PUNTO DE ACCESO ADICIONAL DE MATERIA--NOMBRE GEOGRÁFICO | |
| Nombre geográfico | Puebla (México) |
| Subdivisión general | Gremio de los plateros |
| 9 (RLIN) | 7062 |
| 710 2# - PUNTO DE ACCESO ADICIONAL--NOMBRE DE ENTIDAD CORPORATIVA | |
| Nombre de entidad corporativa o nombre de jurisdicción como elemento de entrada | Colegio Real de San Ignacio de la Puebla de Los Ángeles |
| 9 (RLIN) | 7063 |
| 942 ## - ELEMENTOS DE PUNTO DE ACCESO ADICIONAL (KOHA) | |
| Fuente del sistema de clasificación o colocación | Library of Congress Classification |
| Tipo de ítem Koha | Libros |
| Estado de retiro | Estado de pérdida | Estado dañado | No para préstamo | Localización permanente | Ubicación/localización actual | Fecha de adquisición | Total de préstamos | Signatura topográfica completa | Código de barras | Fecha visto por última vez | Precio válido a partir de | Tipo de ítem Koha |
|---|---|---|---|---|---|---|---|---|---|---|---|---|
| El ejemplar forma parte de la colección y puede ser consultado según las políticas vigentes. | Biblioteca del Museo Franz Mayer (Rogerio Casas-Alatriste) | Biblioteca del Museo Franz Mayer (Rogerio Casas-Alatriste) | 23/10/2008 | F1231 .O24 1981 | 00360 | 22/03/2019 | 22/03/2019 | Libros |